000 00439nam a22001817a 4500
003 MPLRDC
005 20220104113856.0
008 210129b ||||| |||| 00| 0 eng d
020 _a962-257-287-1
082 _a848.3 ZJM-6 c.2
100 _a张君默著
245 _a飞越彩虹
_c
260 _a
_b天地图书有限公司
_c1989
300 _b
490 _a异象系列
650 _a现代别集
942 _cBK
_o848.3 ZJM-6 c.2
999 _c3042
_d3032